Home Print Resources E-Books E-Journals IIMT Lecture Series Library Membership Form Book Recommendation Form Campus Tour Take AdmissionAbout Us Contact Us

Theory & Pratice of Home Management (Record no. 6504)

000 -LEADER
fixed length control field 00363nam a2200157Ia 4500
003 - CONTROL NUMBER IDENTIFIER
control field OSt
005 - DATE AND TIME OF LATEST TRANSACTION
control field 20240222115109.0
008 - FIXED-LENGTH DATA ELEMENTS--GENERAL INFORMATION
fixed length control field 170524s9999 xx 000 0 und d
020 ## - INTERNATIONAL STANDARD BOOK NUMBER
International Standard Book Number 9393316074,
040 ## - CATALOGING SOURCE
Transcribing agency IIMT UNIVERSITY
100 ## - MAIN ENTRY--PERSONAL NAME
Personal name Kaur- H.
245 #0 - TITLE STATEMENT
Title Theory & Pratice of Home Management
260 ## - PUBLICATION, DISTRIBUTION, ETC.
Name of publisher, distributor, etc. Surjeet Pub.
260 ## - PUBLICATION, DISTRIBUTION, ETC.
Date of publication, distribution, etc. 2004
942 ## - ADDED ENTRY ELEMENTS (KOHA)
Source of classification or shelving scheme
Koha item type Book Bank
Holdings
Withdrawn status Lost status Source of classification or shelving scheme Damaged status Not for loan Home library Current library Date acquired Barcode Date last seen Price effective from Koha item type
          IIMT University Central Library Meerut IIMT University Central Library Meerut 06/01/2017 01-B-75065 06/01/2017 06/01/2017 Book Bank
          IIMT University Central Library Meerut IIMT University Central Library Meerut 06/01/2017 01-B-75066 06/01/2017 06/01/2017 Book Bank
          IIMT University Central Library Meerut IIMT University Central Library Meerut 06/01/2017 01-B-75067 06/01/2017 06/01/2017 Book Bank
IIMT, Central Library. All Rights Reserved IIMT,UNIVERSITY © 2023
Implemented and Customised by I CLOUDE EMS
You Are OPAC Visitor No
free web counter

Powered by Koha